000 00223nam a22001217a 4500
040 _cSK
082 _a330
100 _aNA
245 _aEconomic development america
260 _aNA
_bNA
_cNA
300 _a31p.
942 _cEK
999 _c9948
_d9948